01330cam a22003134a 450000100090000000300040000900500170001300800410003001000170007102000430008802000440013104000180017505000220019308200120021524501520022726000600037930000260043949000400046550001650050550400510067065000390072170000300076070000220079070000180081290600450083094200120087599900150088795201140090216104880OSt20180117085940.0100224s2010 dcu b 101 0 eng  a 2010007868 a9781589017122 (hardcover : alk. paper) a9781589017115 (trade pbk. : alk. paper) aDLCcDLCdDLC00aJF1351b.F88 201000a35122204aThe future of public administration around the world :bthe Minnowbrook perspective /cRosemary O'Leary, David Van Slyke, and Soonhee Kim, editors. aWashington D.C. :bGeorgetown University Press,cc2010. axiv, 322 p. ;c24 cm.0 aPublic management and change series aConsists of abridged and revised versions of the best papers from the third Minnowbrook Conference, which was hosted by Syracuse University in the fall of 2008. aIncludes bibliographical references and index. 0aPublic administrationvCongresses.1 aO'Leary, Rosemary,d1955-1 aVan Slyke, David.1 aKim, Soonhee. a7bcbccorignewd1eecipf20gy-gencatlg 2ddccBK c2424d2424 00102ddc40708NFICaCLbCLcGENd2015-06-26l1o351 OLEpS3H-S-138r2017-10-27s2017-10-18w2015-06-26yBK